| 000 | 00684nam a2200229 a 4500 | ||
|---|---|---|---|
| 999 |
_c5160 _d5160 |
||
| 001 | 5160 | ||
| 003 | BD-JhCC | ||
| 005 | 20171211180135.0 | ||
| 008 | 171209s2004 bg |||| ||a| 00| 0 ben d | ||
| 020 | _a9844584663 | ||
| 035 | _a(BD-JhCC)5160 | ||
| 040 |
_aBD-JhCC _dBD-JhCC |
||
| 041 | _aben | ||
| 082 |
_a579.09295492 _bHOS 2004 |
||
| 100 | _a হোসেন, মোকারম | ||
| 245 |
_aবাংলাদেশের মাছ / _cমোকারম হোসেন |
||
| 260 |
_aঢাকা : _bসময় প্রকাশন, _c২০০৪. |
||
| 300 |
_a94 p. : _bill. ; _c21 cm. |
||
| 650 |
_aFreshwater Fishes _zBangladesh |
||
| 942 |
_2ddc _cBK |
||